[Event "GER-ch Blitz Women 2020"]
[Site "Magdeburg"]
[Date "2020.08.15"]
[Round "15.6"]
[White "Zeller, Elisa"]
[Black "Mader, Lena"]
[Result "1-0"]
[WhiteElo "1969"]
[BlackElo "1839"]
[Annotator "TA"]
[PlyCount "125"]
[EventDate "2020.07.28"]
[EventType "tourn"]
[EventCountry "GER"]
[SourceTitle "playchess.com"]
[Source "ChessBase"]
[SourceQuality "1"]

{[%evp 12,125,-72,-60,-64,-134,-138,-236,-226,-250,-240,-280,-203,-262,-272,-261,-272,-311,-317,-380,-394,-451,-417,-420,-274,-508,-521,-520,-525,-2114,-2094,-2092,-2054,-1737,-943,-1072,-501,-477,-354,-461,-448,-487,-410,-410,-262,-444,-372,-418,-383,-610,-593,-650,-630,-686,-633,-642,-641,-769,-679,-673,-655,-670,152,158,164,175,155,155,343,272,460,479,440,361,1171,1177,1160,1134,1096,1095,1010,1007,1800,1023,1020,1016,1001,892,5273,2903,5531,5373,29977,29978,29978,29979,29979,29980,29980,29981,29981,29981,29987,29988,29988,29989,29989,29990,29989,29990,29990,29991,29992,29993,29993,29994]} 1. e4 c6 2. d4 d5 3. e5 Bf5 4. Nc3 e6 5. g4 Bg6 6. h4 h5 7. g5 c5 {[#] B12: Caro-Kann: Advance Variation.} 8. Nb5 $146 ({Better is} 8. Nf3 $15) ({Predecessor:} 8. Bb5+ Nd7 9. Nge2 a6 10. Bxd7+ Qxd7 11. Nf4 Bf5 12. Be3 g6 13. O-O Rc8 14. Nce2 Ne7 15. c3 cxd4 16. Nxd4 {0-1 (47) Kernazhitsky,L (2299)-Nomin Erdene,D (2288) Kecskemet 2014}) 8... a6 $17 9. Na3 (9. Nd6+ $17 Bxd6 10. exd6) 9... cxd4 $19 {Black is clearly better.} 10. Qxd4 Nc6 11. Qe3 Bxa3 12. bxa3 Nge7 13. f4 Bxc2 14. Qc3 Be4 15. Rh2 Rc8 16. Qd2 Qb6 17. Ne2 Na5 18. Nc3 $2 (18. Qd4 {was worth a try.} Qc7 19. Ng3) 18... Nc4 19. Bxc4 Rxc4 20. Bb2 Qg1+ 21. Ke2 Qxh2+ {[%mdl 64] [#] Double Attack} 22. Kd1 Qxd2+ 23. Kxd2 d4 (23... Kd7 $142 24. Nxe4 Rxe4) 24. Nxe4 {Hoping for Nd6+.} Rc6 25. Bxd4 Nf5 26. Bf2 Ke7 27. Bc5+ Ke8 28. Bf2 $2 (28. Rb1 b5 29. a4) 28... Kd8 29. Ke2 Kc7 30. Kf3 (30. Rb1 $142) 30... Rd8 31. Rb1 Rd3+ {[%mdl 64] Double Attack} 32. Kg2 Rxa3 33. Rb2 b5 34. Bc5 Rd3 35. Bf2 Ne7 36. Nc5 Nd5 $2 ({Black should play} 36... Rc3 $19 37. Ne4 Rc2) 37. Nxd3 $16 Rc3 38. Nc5 Nxf4+ 39. Kh2 Nd5 $2 {Black cannot hold the game after this.} (39... Rh3+ $16 {keeps fighting.} 40. Kg1 Ra3) 40. Nxa6+ Kb7 $2 (40... Kc6 41. Nc5 Rxc5) 41. Nc5+ $18 Kc6 42. Ne4 b4 $2 (42... Rc4) 43. Nxc3 bxc3 44. Rc2 Kb5 45. Be1 Kc4 46. a4 {[%cal Ba2a4,Ba4a5][%mdl 32]} Kd3 47. Rc1 c2 48. a5 Nc7 49. Kg1 Nb5 50. a6 Na7 51. Bf2 Nc8 52. a7 {White mates.} Nxa7 53. Bxa7 Kd2 {[#]} 54. Be3+ $1 {[%mdl 64] Deflection} Kxe3 55. Rxc2 {[%mdl 4096] Endgame KR-KP} Kf4 56. Rc7 Kxe5 57. Rxf7 {KR-K3P} g6 58. Rf6 Kd4 59. Rxg6 e5 60. Re6 e4 61. g6 e3 62. g7 Kd5 63. Rxe3 {Accuracy: White = 30%, Black = 50%.} 1-0

[Event "GER-ch Blitz Women 2020"]
[Site "Magdeburg"]
[Date "2020.08.15"]
[Round "15.7"]
[White "Sieber, Fiona"]
[Black "Braun, Kristin"]
[Result "0-1"]
[WhiteElo "2201"]
[BlackElo "1918"]
[Annotator "TA"]
[PlyCount "62"]
[EventDate "2020.07.28"]
[EventType "tourn"]
[EventCountry "GER"]
[SourceTitle "playchess.com"]
[Source "ChessBase"]
[SourceQuality "1"]

{[%evp 22,62,52,49,114,-56,-31,-56,-20,-57,-12,-8,-25,-29,-28,-25,-25,0,0,-26,0,-127,208,-153,-117,-143,171,171,306,340,625,627,633,622,760,605,905,-29994,-29995,-29997,0,-29998,-29999]} 1. e4 c5 2. Nf3 d6 3. d4 cxd4 4. Nxd4 Nf6 5. Nc3 g6 6. Be3 Bg7 7. f3 Nc6 8. Bc4 O-O 9. Qd2 Bd7 10. O-O-O Rc8 11. Bb3 Ne5 12. Kb1 {is more profitable than 12.h4 at the moment.} b5 {B78: Sicilian Dragon: Yugoslav Attack, 9 Bc4 Bd7 10 0-0-0 Rc8.} ({Black should try} 12... a6 $14) 13. g4 $2 (13. Ndxb5 $16 a6 14. Na3) 13... a5 {...a4 is the strong threat.} (13... b4 $5 {[%cal Rb4c3]} 14. Nce2 a5 $17) 14. g5 Nh5 {aiming for ...a4.Black is slightly better.} (14... b4 $5 {[%cal Rb4c3]} 15. Na4 (15. gxf6 bxc3 16. fxe7 Qxe7 $15) 15... Nh5 $11) 15. f4 Nc4 16. Bxc4 $1 Rxc4 17. b3 ({Of course not} 17. Ncxb5 Bxb5 18. Nxb5 Qb8 $17) 17... Rc8 {[#]} 18. Ncxb5 $146 ({Predecessor:} 18. Nde2 a4 19. Nd5 Bg4 20. Rdf1 e6 21. Bb6 Qd7 22. Ne3 Bxe2 23. Qxe2 Qc6 24. Ba5 axb3 25. cxb3 Qxe4+ {0-1 (25) Johnson,H (1845)-De Schepper,B (1907) IECG email 2000}) 18... e5 19. Nxd6 {And now Nf3 would win.} exd4 20. Bxd4 Rb8 21. e5 (21. f5 $11) 21... Bf5 $2 {[%mdl 8192]} (21... a4 $17 22. b4 a3) 22. Bc5 $2 (22. Nxf5 $18 {Threatens to win with Nd6.} gxf5 23. Rhf1) 22... Qc7 23. Qe3 Nxf4 $2 {[%mdl 8192]} (23... Bg4 $17 {keeps the pressure on.} 24. Rd3 a4) 24. Nxf5 $18 {[%mdl 64] Discovered Attack} gxf5 (24... Ng2 $142 25. Qf2 gxf5) 25. Bxf8 Nd5 $2 (25... Rxf8 26. Qxf4 Bxe5) 26. Rxd5 {Hoping for Bxg7.} Bxf8 27. Rhd1 Rc8 28. Qf2 Ba3 {( -> ...Qc3)} 29. Rd7 $4 {[%mdl 8192] [#]} (29. Qxf5 $18 Rf8 30. R5d3) 29... Qc3 $1 {[%csl Ga3][%cal Rc3b2]} 30. Qd4 Qxc2+ {[%mdl 64] Double Attack} 31. Ka1 {[#] intending Rd8+.} Qc1+ $1 {[%mdl 576] Back Rank. Quite a comeback for Black. Accuracy: White = 26%, Black = 24%.} 0-1

[Event "GER-ch Blitz Women 2020"]
[Site "Magdeburg"]
[Date "2020.08.15"]
[Round "15.8"]
[White "Skibbe, Diana"]
[Black "Osmanodja, Filiz"]
[Result "0-1"]
[WhiteElo "1991"]
[BlackElo "2293"]
[Annotator "RC"]
[PlyCount "34"]
[EventDate "2020.07.28"]
[EventType "tourn"]
[EventCountry "GER"]
[SourceTitle "playchess.com"]
[Source "ChessBase"]
[SourceQuality "1"]
[TimeControl "180+2"]

1. e4 {[%emt 0:00:00]} c5 {[%emt 0:00:00]} 2. Nf3 {[%emt 0:00:01]} d6 {[%emt 0:00:00]} 3. d4 {[%emt 0:00:01]} cxd4 {[%emt 0:00:00]} 4. Nxd4 {[%emt 0:00:01]} Nf6 {[%emt 0:00:01]} 5. Nc3 {[%emt 0:00:01]} Nc6 {[%emt 0:00:01]} 6. Bg5 {[%emt 0:00:03]} e6 {[%emt 0:00:01]} 7. f4 {[%emt 0:00:07]} Qb6 {[%emt 0:00:17]} 8. Nb3 {[%emt 0:00:13]} Be7 {[%emt 0:00:14]} 9. Bd3 {[%emt 0:00:09]} h6 {[%emt 0:00:23]} 10. Bxf6 {[%emt 0:00:06]} Bxf6 {[%emt 0:00:04]} 11. Qe2 {[%emt 0:00:10]} Nd4 {[%emt 0:00:12]} 12. Nxd4 {[%emt 0:00:12]} Bxd4 {[%emt 0:00:11]} 13. O-O-O {[%emt 0:00:04]} Bxc3 {[%emt 0:00:14]} 14. bxc3 {[%emt 0:00:02]} O-O {[%emt 0:00:02]} 15. Kd2 {[%emt 0:00:01]} e5 {[%emt 0:00:11]} 16. g4 {[%emt 0:00:19]} exf4 {[%emt 0:00:06]} 17. h4 {[%emt 0:00:22]} Bxg4 {[%emt 0:00:11]} 0-1

[Event "GER-ch Blitz Women 2020"]
[Site "Magdeburg"]
[Date "2020.08.15"]
[Round "15.9"]
[White "Scognamiglio, Stefanie"]
[Black "Michna, Marta"]
[Result "0-1"]
[WhiteElo "2097"]
[BlackElo "2350"]
[Annotator "TA"]
[PlyCount "78"]
[EventDate "2020.07.28"]
[EventType "tourn"]
[EventCountry "GER"]
[SourceTitle "playchess.com"]
[Source "ChessBase"]
[SourceQuality "1"]

{[%evp 11,78,16,14,0,17,0,29,-8,-14,-63,-66,-138,-42,-308,-314,-440,-453,-445,-450,-282,-202,-211,-196,-188,-199,-202,-208,-199,-148,-150,-150,-455,-304,-293,-245,-345,-282,-267,0,-339,-326,-718,-393,-397,-406,-406,-396,-397,-387,-379,-395,-389,-377,-410,-416,-666,-660,-5597,-29971,-5593,-5086,-29979,-29980,-29991,-720,-29989,-29990,-29990,-29984]} 1. e4 e6 2. d4 d5 3. exd5 exd5 4. Bd3 Nc6 5. Ne2 Bd6 6. c3 Qf6 7. O-O {C01: French: Exchange Variation.} (7. Qc2 Nge7 8. Ng3 h5 9. Nd2 h4 10. Ngf1 Qe6+ 11. Be2 Nf5 12. Nb3 Qg6 13. Bf3 Nfxd4 14. Nxd4 Nxd4 15. Qa4+ Nc6 16. Bxd5 {0-1 (29) Scognamiglio,S (2082)-Michna,M (2336) Germany 2019}) 7... Nge7 8. Ng3 h5 9. Re1 {[#] White has an edge.} Bg4 $146 ({Predecessor:} 9... Bd7 10. Na3 a6 11. Nc2 g6 12. Ne3 O-O-O 13. b4 h4 14. Ng4 Qg7 15. Nf1 Nxd4 {½-½ (58) Rodriguez Alonso,M (1596)-Padin Lazaro,J (1806) Madrid 2012}) 10. Qb3 O-O-O 11. Nd2 ({Only move:} 11. Nf1 $1 $15) 11... Rde8 (11... Bxg3 $17 12. fxg3 h4) 12. Ndf1 $2 {[%mdl 8192]} (12. h3 $15) 12... h4 $19 13. Ne2 (13. Qc2 $142 hxg3 14. fxg3) 13... h3 {Threatens to win with ...hxg2.} 14. g3 Qf3 {[%csl Gh3][%cal Rf3g2]} 15. Ne3 Ng6 {( -> ...Rxe3!)} 16. Qxd5 {[#] Bf5+ is the strong threat.} Rxe3 $1 {[%mdl 512]} 17. Qxf3 (17. Bxe3 Qxd5) 17... Rxf3 $40 {[%mdl 128] White is in trouble.} 18. Be4 Rf6 19. Bg5 Rf5 (19... Re8 $19 20. Bxc6 bxc6 21. Bxf6 gxf6) 20. Bxf5+ $17 Bxf5 21. d5 $2 (21. Nc1 $17) 21... Nce5 22. Nd4 Bd7 23. Bd2 (23. Be3 $142) 23... Nc4 24. Bc1 Nce5 $2 ({Better is} 24... Nb6 $19 {White must now prevent ...Kb8.} 25. Be3 Nxd5) 25. f3 $2 {[%mdl 8192]} (25. Bd2 $1 $11) 25... Bc5 $19 26. Kf2 $2 (26. Re3) 26... Bxd4+ 27. cxd4 Nd3+ {[%mdl 64] [#] Double Attack} 28. Ke2 Nxe1 29. Kxe1 Re8+ 30. Kf2 Bb5 {And now ...Re2+ would win.} 31. Be3 Kd7 32. Rc1 Ne7 33. b3 (33. Re1 $142) 33... Nxd5 34. Bg5 Re2+ 35. Kf1 Rc2+ 36. Ke1 Rxh2 37. a4 Rh1+ (37... Re2+ $142 38. Kd1 h2 39. axb5 Ra2 40. Rxc7+ {[%mdl 64] Remove Defender} Kxc7 41. b6+ Kd6 42. Bd2 h1=Q+ {[%mdl 64] Double Attack} 43. Ke2 Qh2+ 44. Kf1 Ra1+ 45. Be1 Ne3#) 38. Kd2 Rxc1 39. Kxc1 h2 {Accuracy: White = 28%, Black = 61%.} 0-1

[Event "GER-ch Blitz Women 2020"]
[Site "Magdeburg"]
[Date "2020.08.15"]
[Round "16.1"]
[White "Paehtz, Elisabeth"]
[Black "Michna, Marta"]
[Result "0-1"]
[WhiteElo "2473"]
[BlackElo "2350"]
[Annotator "ChessBase"]
[PlyCount "140"]
[EventDate "2020.07.28"]
[EventType "tourn"]
[EventCountry "GER"]
[SourceTitle "playchess.com"]
[Source "ChessBase"]
[SourceQuality "1"]
[TimeControl "180+2"]

1. d4 {[%emt 0:00:00]} Nf6 {[%emt 0:00:00]} 2. Nf3 {[%emt 0:00:01]} d6 {[%emt 0:00:01]} 3. c3 {[%emt 0:00:02]} g6 {[%emt 0:00:10]} 4. Bg5 {[%emt 0:00:01]} Bg7 {[%emt 0:00:11]} 5. Nbd2 {[%emt 0:00:01]} Nbd7 {[%emt 0:00:12]} 6. e4 {[%emt 0:00:03]} O-O {[%emt 0:00:04]} 7. Bd3 {[%emt 0:00:05]} c5 {[%emt 0:00:09]} 8. d5 {[%emt 0:00:16]} h6 {[%emt 0:00:17]} 9. Bh4 {[%emt 0:00:01]} Nh5 {[%emt 0:00:05]} 10. O-O {[%emt 0:00:10]} Nf4 {[%emt 0:00:38]} 11. Bc2 {[%emt 0:00:01]} Nf6 {[%emt 0:00:05]} 12. a4 {[%emt 0:00:09]} N6h5 {[%emt 0:00:34]} 13. Nc4 {[%emt 0:00:06]} Rb8 {[%emt 0:00:23]} 14. Qd2 {[%emt 0:00:06]} b6 {[%emt 0:00:03]} 15. Rfe1 {[%emt 0:00:12]} Bg4 {[%emt 0:00:10]} 16. Bd1 {[%emt 0:00:08]} Qd7 {[%emt 0:00:05]} 17. Bg3 {[%emt 0:00:08]} g5 {[%emt 0:00:03]} 18. e5 {[%emt 0:00:15]} Rbd8 {[%emt 0:00:14]} 19. e6 {[%emt 0:00:35]} fxe6 {[%emt 0:00:01]} 20. Nxg5 e5 21. Ne4 {[%emt 0:00:10]} Bxd1 {[%emt 0:00:07]} 22. Rexd1 {[%emt 0:00:05]} Qf5 {[%emt 0:00:01]} 23. Re1 {[%emt 0:00:02]} Qf7 {[%emt 0:00:04]} 24. Qe3 {[%emt 0:00:10]} Qxd5 {[%emt 0:00:03]} 25. Na3 {[%emt 0:00:06]} Qd3 {[%emt 0:00:04]} 26. Nb5 {[%emt 0:00:03]} Qxe3 {[%emt 0:00:02]} 27. fxe3 {[%emt 0:00:01]} Nd3 {[%emt 0:00:03]} 28. Re2 d5 29. Nf2 {[%emt 0:00:13]} Nxg3 {[%emt 0:00:02]} 30. hxg3 {[%emt 0:00:02]} Nxf2 {[%emt 0:00:01]} 31. Rxf2 {[%emt 0:00:01]} Rxf2 {[%emt 0:00:01]} 32. Kxf2 {[%emt 0:00:02]} Rd7 {[%emt 0:00:07]} 33. Rd1 {[%emt 0:00:04]} a6 {[%emt 0:00:01]} 34. Na3 {[%emt 0:00:01]} Rd6 {[%emt 0:00:03]} 35. Rh1 {[%emt 0:00:10]} e4 {[%emt 0:00:01]} 36. Rh5 e6 37. Nc2 {[%emt 0:00:09]} Rd8 {[%emt 0:00:01]} 38. Ke2 {[%emt 0:00:02]} b5 {[%emt 0:00:04]} 39. axb5 {[%emt 0:00:03]} axb5 {[%emt 0:00:00]} 40. Na3 b4 41. cxb4 {[%emt 0:00:12]} cxb4 {[%emt 0:00:01]} 42. Nc2 {[%emt 0:00:00]} b3 {[%emt 0:00:01]} 43. Nd4 {[%emt 0:00:02]} Bxd4 {[%emt 0:00:01]} 44. exd4 Rc8 45. Rxh6 Rc2+ 46. Ke3 {[%emt 0:00:06]} Kf7 {[%emt 0:00:02]} 47. Rh7+ Kf6 48. Rb7 {[%emt 0:00:05]} Rxb2 {[%emt 0:00:01]} 49. g4 {[%emt 0:00:01]} Rxg2 {[%emt 0:00:00]} 50. g5+ {[%emt 0:00:05]} Rxg5 {[%emt 0:00:03]} 51. Kf4 {[%emt 0:00:06]} Rf5+ {[%emt 0:00:01]} 52. Kg4 {[%emt 0:00:00]} Rf3 {[%emt 0:00:02]} 53. Rb8 {[%emt 0:00:01]} Ke7 {[%emt 0:00:04]} 54. Rb6 {[%emt 0:00:02]} Kd7 {[%emt 0:00:01]} 55. Rb8 {[%emt 0:00:03]} Kc6 {[%emt 0:00:03]} 56. Rb4 {[%emt 0:00:02]} Kd7 {[%emt 0:00:04]} 57. Rb7+ Kd6 58. Rb6+ Ke7 59. Rb8 {[%emt 0:00:05]} Kf6 {[%emt 0:00:05]} 60. Rf8+ {[%emt 0:00:03]} Kg6 {[%emt 0:00:03]} 61. Re8 {[%emt 0:00:04]} Kf7 {[%emt 0:00:01]} 62. Rb8 {[%emt 0:00:01]} Rd3 {[%emt 0:00:00]} 63. Kf4 {[%emt 0:00:02]} Rxd4 {[%emt 0:00:04]} 64. Rxb3 {[%emt 0:00:02]} Kf6 {[%emt 0:00:00]} 65. Rb6 {[%emt 0:00:02]} Rd3 {[%emt 0:00:01]} 66. Ra6 {[%emt 0:00:02]} Rf3+ {[%emt 0:00:01]} 67. Kg4 {[%emt 0:00:01]} Ke5 {[%emt 0:00:00]} 68. Rb6 {[%emt 0:00:01]} Rf1 {[%emt 0:00:01]} 69. Rb5 {[%emt 0:00:02]} e3 {[%emt 0:00:01]} 70. Rb2 {[%emt 0:00:02]} Ke4 {[%emt 0:00:00]} 0-1

[Event "GER-ch Blitz Women 2020"]
[Site "Magdeburg"]
[Date "2020.08.15"]
[Round "16.2"]
[White "Osmanodja, Filiz"]
[Black "Scognamiglio, Stefanie"]
[Result "1-0"]
[WhiteElo "2293"]
[BlackElo "2097"]
[Annotator "ChessBase"]
[PlyCount "53"]
[EventDate "2020.07.28"]
[EventType "tourn"]
[EventCountry "GER"]
[SourceTitle "playchess.com"]
[Source "ChessBase"]
[SourceQuality "1"]
[TimeControl "180+2"]

1. e4 {[%emt 0:00:00]} c5 {[%emt 0:00:00]} 2. Nc3 {[%emt 0:00:00]} Nc6 {[%emt 0:00:00]} 3. Nf3 {[%emt 0:00:01]} g6 {[%emt 0:00:00]} 4. d4 {[%emt 0:00:01]} cxd4 {[%emt 0:00:01]} 5. Nxd4 Bg7 6. Bc4 {[%emt 0:00:06]} Nxd4 {[%emt 0:00:02]} 7. Be3 {[%emt 0:00:09]} Nc6 {[%emt 0:00:02]} 8. Qd5 {[%emt 0:00:07]} e6 {[%emt 0:00:03]} 9. Qd6 {[%emt 0:00:08]} a6 {[%emt 0:00:09]} 10. O-O-O {[%emt 0:00:11]} Nge7 {[%emt 0:00:03]} 11. Bg5 {[%emt 0:00:08]} h6 {[%emt 0:00:14]} 12. Bh4 {[%emt 0:00:06]} O-O {[%emt 0:00:18]} 13. f4 {[%emt 0:00:06]} b5 {[%emt 0:00:10]} 14. Bb3 {[%emt 0:00:09]} Re8 {[%emt 0:00:14]} 15. e5 {[%emt 0:00:24]} Qb6 {[%emt 0:00:26]} 16. g4 {[%emt 0:00:20]} Qe3+ {[%emt 0:00:13]} 17. Kb1 {[%emt 0:00:13]} Qxf4 {[%emt 0:00:03]} 18. Rhf1 {[%emt 0:00:30]} Qxe5 {[%emt 0:00:03]} 19. Qd2 {[%emt 0:00:04]} b4 {[%emt 0:00:06]} 20. Na4 {[%emt 0:00:05]} d5 {[%emt 0:00:11]} 21. Bg3 {[%emt 0:00:13]} Qd4 {[%emt 0:00:22]} 22. Qe2 {[%emt 0:00:01]} Qa7 {[%emt 0:00:11]} 23. Qf3 {[%emt 0:00:07]} f5 {[%emt 0:00:10]} 24. gxf5 {[%emt 0:00:03]} Nxf5 {[%emt 0:00:11]} 25. Bf2 {[%emt 0:00:08]} Ncd4 {[%emt 0:00:19]} 26. Qd3 {[%emt 0:00:09]} Qc7 {[%emt 0:00:05]} 27. Bxd4 {[%emt 0:00:13]} 1-0

[Event "GER-ch Blitz Women 2020"]
[Site "Magdeburg"]
[Date "2020.08.15"]
[Round "16.3"]
[White "Braun, Kristin"]
[Black "Skibbe, Diana"]
[Result "0-1"]
[WhiteElo "1918"]
[BlackElo "1991"]
[Annotator "TA"]
[PlyCount "40"]
[EventDate "2020.07.28"]
[EventType "tourn"]
[EventCountry "GER"]
[SourceTitle "playchess.com"]
[Source "ChessBase"]
[SourceQuality "1"]

{[%evp 12,40,54,12,14,0,0,-70,0,-41,-4,-50,-6,-1,226,222,218,198,183,122,123,-587,-590,-581,-584,-583,-572,-573,-561,-29986,-29982]} 1. e4 e5 2. Nf3 Nf6 3. Nc3 d6 4. Bc4 Be7 5. O-O c6 6. d4 Nbd7 7. dxe5 dxe5 {C41: Philidor Defence.} 8. Ng5 O-O 9. f4 {[#]} (9. a4 $11) 9... Qb6+ $146 {Black is slightly better.} ({Predecessor:} 9... h6 10. fxe5 Nxe5 11. Nf3 Nxc4 12. Qe2 Nb6 13. Rd1 Qc7 14. Bf4 Qxf4 15. Nd4 Bc5 {0-1 (29) Mittelbach,E (1667)-Rosol,P (1468) Playchess.com INT 2020}) 10. Kh1 h6 11. Nh3 (11. Nf3 $5 {[%cal Rf4e5]} Qc7 12. fxe5 Nxe5 13. Nxe5 Qxe5 14. Bf4 $11) 11... Nc5 {[%cal Bd7c5,Bc5e4,Be4f2][%mdl 32]} (11... Qd4 {with more complications.} 12. Qe2 b5 13. Bb3 a5 14. a3 Ba6) 12. fxe5 Nfxe4 $2 {[#]} (12... Ng4 $1 $11 {and Black stays safe.}) 13. Nxe4 $18 Nxe4 14. Qf3 Bxh3 15. Bxf7+ ({But not} 15. gxh3 $6 Ng5 $14) ({Much less strong is} 15. Qxe4 Be6 $16) (15. Bxh6 $18 {[%cal Rc4f7]} Be6 16. Bxe6 fxe6 17. Qxe4 Rxf1+ 18. Rxf1) 15... Kh8 $16 {Threatens to win with ...Be6!} 16. Qxh3 $4 {[%mdl 8192]} (16. Qxe4 $16 {and life is bright.} Be6 17. Be3) 16... Nf2+ $19 17. Rxf2 Qxf2 {[%cal Rf2f1][%mdl 64] [#] Double Attack} 18. Bxh6 {Threatening mate with Bg5+.} Qxf7 19. Be3+ Kg8 20. g3 Qf3+ {[%mdl 64] Double Attack. Accuracy: White = 35%, Black = 48%.} 0-1

[Event "GER-ch Blitz Women 2020"]
[Site "Magdeburg"]
[Date "2020.08.15"]
[Round "16.4"]
[White "Mader, Lena"]
[Black "Sieber, Fiona"]
[Result "0-1"]
[WhiteElo "1839"]
[BlackElo "2201"]
[Annotator "TA"]
[PlyCount "39"]
[EventDate "2020.07.28"]
[EventType "tourn"]
[EventCountry "GER"]
[SourceTitle "playchess.com"]
[Source "ChessBase"]
[SourceQuality "1"]

{[%evp 9,39,-41,15,9,16,-17,-17,-19,-24,-12,-17,-20,0,0,0,0,0,-246,-251,-258,-243,-243,-239,-250,-251,-335,-341,-388,-377,-708,-683,-828]} 1. c4 e5 2. Nc3 Nf6 3. g3 Nc6 4. Bg2 Bb4 5. Qb3 Bxc3 (5... O-O $15) 6. Qxc3 $11 {A25: English Opening vs King's Indian with ...Nc6 but without early d3.} O-O 7. d3 d5 8. cxd5 {The position is equal.} Nxd5 {[#]} 9. Qc5 $146 ({Predecessor:} 9. Qd2 Be6 10. Nf3 f6 11. O-O Qd7 12. Rd1 Rad8 13. b3 Rf7 14. Bb2 Bh3 15. Bh1 {0-1 (24) Egdell,B-Itter,E IECG email 1999}) 9... Be6 10. Nf3 Qd6 (10... Qd7 {with more complications.} 11. O-O Rfd8 12. Bd2 f6 13. Rfc1 a5) 11. Qxd6 cxd6 12. a3 Na5 $36 {[%mdl 2048] Black is pushing.} 13. b4 $2 {[#]} (13. Nd2 $11 {and White has nothing to worry.}) 13... Nb3 $19 14. Rb1 Nc3 15. Rxb3 Bxb3 16. Nd2 Bd5 17. e4 Be6 18. Bb2 Na4 19. Nc4 $2 {[#]} (19. Ba1) 19... Bxc4 20. dxc4 {Accuracy: White = 48%, Black = 100%.} 0-1

[Event "GER-ch Blitz Women 2020"]
[Site "Magdeburg"]
[Date "2020.08.15"]
[Round "16.5"]
[White "Voicu-Jagodzinsky, Carmen"]
[Black "Zeller, Elisa"]
[Result "1-0"]
[WhiteElo "2244"]
[BlackElo "1969"]
[Annotator "ChessBase"]
[PlyCount "77"]
[EventDate "2020.07.28"]
[EventType "tourn"]
[EventCountry "GER"]
[SourceTitle "playchess.com"]
[Source "ChessBase"]
[SourceQuality "1"]
[TimeControl "180+2"]

1. Nf3 {[%emt 0:00:00]} Nf6 {[%emt 0:00:00]} 2. g3 {[%emt 0:00:00]} d5 {[%emt 0:00:01]} 3. b3 {[%emt 0:00:01]} g6 {[%emt 0:00:02]} 4. Bb2 {[%emt 0:00:00]} Bg7 {[%emt 0:00:01]} 5. Bg2 {[%emt 0:00:01]} O-O 6. c4 dxc4 {[%emt 0:00:05]} 7. bxc4 {[%emt 0:00:01]} c6 {[%emt 0:00:01]} 8. O-O {[%emt 0:00:03]} Nbd7 {[%emt 0:00:09]} 9. d3 {[%emt 0:00:19]} Nc5 {[%emt 0:00:06]} 10. Qc2 {[%emt 0:00:06]} Ne6 {[%emt 0:00:16]} 11. Nbd2 {[%emt 0:00:05]} Nd7 {[%emt 0:00:12]} 12. Bxg7 {[%emt 0:00:03]} Kxg7 {[%emt 0:00:02]} 13. Rab1 {[%emt 0:00:00]} Qc7 {[%emt 0:00:13]} 14. Qc3+ {[%emt 0:00:10]} Kg8 {[%emt 0:00:02]} 15. d4 {[%emt 0:00:01]} Ng7 {[%emt 0:00:04]} 16. e4 {[%emt 0:00:01]} e5 {[%emt 0:00:05]} 17. Nxe5 {[%emt 0:00:16]} Nxe5 18. dxe5 Re8 {[%emt 0:00:11]} 19. f4 {[%emt 0:00:01]} Ne6 {[%emt 0:00:06]} 20. c5 {[%emt 0:00:08]} Bd7 {[%emt 0:00:11]} 21. Nf3 {[%emt 0:00:12]} Rad8 {[%emt 0:00:07]} 22. Kh1 {[%emt 0:00:38]} Bc8 {[%emt 0:00:02]} 23. Rbd1 {[%emt 0:00:04]} Qe7 {[%emt 0:00:08]} 24. Rd6 {[%emt 0:00:01]} Nc7 {[%emt 0:00:08]} 25. a4 {[%emt 0:00:02]} Be6 {[%emt 0:00:12]} 26. Rfd1 {[%emt 0:00:12]} Na6 {[%emt 0:00:10]} 27. Qd4 {[%emt 0:00:04]} Rxd6 {[%emt 0:00:06]} 28. exd6 {[%emt 0:00:09]} Qd7 {[%emt 0:00:08]} 29. Ne5 {[%emt 0:00:01]} Qd8 {[%emt 0:00:05]} 30. Rf1 {[%emt 0:00:15]} Bd7 {[%emt 0:00:11]} 31. h4 {[%emt 0:00:09]} Nb8 {[%emt 0:00:01]} 32. h5 {[%emt 0:00:17]} Qf6 {[%emt 0:00:23]} 33. h6 {[%emt 0:00:15]} Rd8 {[%emt 0:00:20]} 34. Rb1 {[%emt 0:00:03]} Bc8 {[%emt 0:00:11]} 35. Nf3 {[%emt 0:00:05]} Qxd4 36. Nxd4 {[%emt 0:00:01]} Nd7 {[%emt 0:00:06]} 37. Nb3 {[%emt 0:00:03]} Nf6 {[%emt 0:00:04]} 38. Bf3 {[%emt 0:00:02]} Re8 39. e5 1-0